Estimating & Costing in Civil Engineering (Record no. 1373)
[ view plain ]
| 000 -LEADER | |
|---|---|
| fixed length control field | 00375nam a2200157Ia 4500 |
| 003 - CONTROL NUMBER IDENTIFIER | |
| control field | OSt |
| 005 - DATE AND TIME OF LATEST TRANSACTION | |
| control field | 20200312044211.0 |
| 008 - FIXED-LENGTH DATA ELEMENTS--GENERAL INFORMATION | |
| fixed length control field | 200302s9999 xx 000 0 und d |
| 020 ## - INTERNATIONAL STANDARD BOOK NUMBER | |
| International Standard Book Number | 9788174767707 |
| 100 ## - MAIN ENTRY--PERSONAL NAME | |
| Personal name | B. N. Dutta |
| 245 ## - TITLE STATEMENT | |
| Title | Estimating & Costing in Civil Engineering |
| 260 ## - PUBLICATION, DISTRIBUTION, ETC. (IMPRINT) | |
| Name of publisher, distributor, etc | U B S Publishers Co. Ltd., |
| 260 ## - PUBLICATION, DISTRIBUTION, ETC. (IMPRINT) | |
| Date of publication, distribution, etc | 2002 |
| 300 ## - PHYSICAL DESCRIPTION | |
| Extent | 703 P., |
| 942 ## - ADDED ENTRY ELEMENTS (KOHA) | |
| Source of classification or shelving scheme | |
| Withdrawn status | Lost status | Damaged status | Koha normalized classification for sorting | Not for loan | Permanent location | Current location | Date acquired | Cost, normal purchase price | Full call number | Barcode | Date last seen | Price effective from | Koha item type | Source of classification or shelving scheme |
|---|---|---|---|---|---|---|---|---|---|---|---|---|---|---|
| 692_500000000000000 | BMS College of Architecture, Design and Planning | BMS College of Architecture, Design and Planning | 2020-03-03 | 205.00 | 692.5 | CL-UG41558 | 2020-03-03 | 2020-03-03 | UG Books from CL | |||||
| 692_500000000000000_DUT | BMS College of Architecture, Design and Planning | BMS College of Architecture, Design and Planning | 2020-03-12 | 692.5 DUT | AR-BB131 | 2020-03-12 | 2020-03-12 | Book Bank | ||||||
| 692_500000000000000_DUT | BMS College of Architecture, Design and Planning | BMS College of Architecture, Design and Planning | 2020-03-12 | 692.5 DUT | AR-BB132 | 2020-03-12 | 2020-03-12 | Book Bank | ||||||
| 692_500000000000000_DUT | BMS College of Architecture, Design and Planning | BMS College of Architecture, Design and Planning | 2020-03-12 | 692.5 DUT | AR-BB133 | 2020-03-12 | 2020-03-12 | Book Bank | ||||||
| 692_500000000000000_DUT | BMS College of Architecture, Design and Planning | BMS College of Architecture, Design and Planning | 2020-03-12 | 692.5 DUT | AR-BB134 | 2020-03-12 | 2020-03-12 | Book Bank | ||||||
| 692_500000000000000_DUT | BMS College of Architecture, Design and Planning | BMS College of Architecture, Design and Planning | 2020-03-12 | 692.5 DUT | AR-BB135 | 2020-03-12 | 2020-03-12 | Book Bank |